000 00872nam a22002777a 4500
001 BR8700791
003 BR-BrBNA
005 20230928092352.0
007 ta
008 230509b bl.||||| |||| 00| 0 por d
040 _aBR-BrBNA
_bpor
_cBiblioteca Nacional de Agricultura
041 _a(Por)
072 _aF61
_b1410
_b/G514
090 _ 1410 BR8700791
100 1 _aMagalhaes, A.A. de
110 1 _aUniversidade Federal da Paraiba, Campina Grande (Brasil)
_0Tese (Mestrado)
_910750
245 1 _aEfeito do deficit de agua sobre a producao do feijoeiro
260 3 _aCampina Grande, PB (Brasil):
_c1977.
300 _a44 p.
500 _a(*) Documento disponível no(a) UFPB, Areia, PB (Brazil). Centro de Ciencias Agrarias
650 _aDEFICIENCIA HIDRICA
650 _aFEIJAO
650 _aPARAIBA
909 _a202309
_bLucia
_c55
_dLucia Elande
942 _cBK
999 _c38621
_d38621